<?xml version="1.0" encoding="UTF-8"?>
<record
    xmlns:xsi="http://www.w3.org/2001/XMLSchema-instance"
    xsi:schemaLocation="http://www.loc.gov/MARC21/slim http://www.loc.gov/standards/marcxml/schema/MARC21slim.xsd"
    xmlns="http://www.loc.gov/MARC21/slim">

  <leader>03651nam a22003737a 4500</leader>
  <controlfield tag="003">NALT</controlfield>
  <controlfield tag="005">20241002143059.0</controlfield>
  <controlfield tag="008">240829b        th ||||| |||| 00| 0 tha d</controlfield>
  <datafield tag="020" ind1=" " ind2=" ">
    <subfield code="a">9786163165626</subfield>
  </datafield>
  <datafield tag="040" ind1=" " ind2=" ">
    <subfield code="a">NALT</subfield>
  </datafield>
  <datafield tag="050" ind1=" " ind2=" ">
    <subfield code="a">QC 981.8.C5</subfield>
    <subfield code="b">&#xE2D;422&#xE04; 2563</subfield>
  </datafield>
  <datafield tag="100" ind1="0" ind2=" ">
    <subfield code="a">&#xE2D;&#xE25;&#xE07;&#xE01;&#xE15; &#xE28;&#xE23;&#xE35;&#xE27;&#xE34;&#xE08;&#xE34;&#xE15;&#xE23;&#xE01;&#xE21;&#xE25;.</subfield>
    <subfield code="9">60317</subfield>
  </datafield>
  <datafield tag="245" ind1="1" ind2="0">
    <subfield code="a">&#xE04;&#xE39;&#xE48;&#xE21;&#xE37;&#xE2D;&#xE01;&#xE34;&#xE08;&#xE01;&#xE23;&#xE23;&#xE21;&#xE2A;&#xE34;&#xE48;&#xE07;&#xE41;&#xE27;&#xE14;&#xE25;&#xE49;&#xE2D;&#xE21;&#xE28;&#xE36;&#xE01;&#xE29;&#xE32; &#xE01;&#xE32;&#xE23;&#xE40;&#xE1B;&#xE25;&#xE35;&#xE48;&#xE22;&#xE19;&#xE41;&#xE1B;&#xE25;&#xE07;&#xE2A;&#xE20;&#xE32;&#xE1E;&#xE20;&#xE39;&#xE21;&#xE34;&#xE2D;&#xE32;&#xE01;&#xE32;&#xE28; : </subfield>
    <subfield code="b">Climate &#xE43;&#xE04;&#xE23; made Change /</subfield>
    <subfield code="c">&#xE08;&#xE31;&#xE14;&#xE17;&#xE33;&#xE42;&#xE14;&#xE22; &#xE01;&#xE23;&#xE21;&#xE2A;&#xE48;&#xE07;&#xE40;&#xE2A;&#xE23;&#xE34;&#xE21;&#xE04;&#xE38;&#xE13;&#xE20;&#xE32;&#xE1E;&#xE2A;&#xE34;&#xE48;&#xE07;&#xE41;&#xE27;&#xE14;&#xE25;&#xE49;&#xE2D;&#xE21; &#xE01;&#xE23;&#xE30;&#xE17;&#xE23;&#xE27;&#xE07;&#xE17;&#xE23;&#xE31;&#xE1E;&#xE22;&#xE32;&#xE01;&#xE23;&#xE18;&#xE23;&#xE23;&#xE21;&#xE0A;&#xE32;&#xE15;&#xE34;&#xE41;&#xE25;&#xE30;&#xE2A;&#xE34;&#xE48;&#xE07;&#xE41;&#xE27;&#xE14;&#xE25;&#xE49;&#xE2D;&#xE21; ; &#xE04;&#xE13;&#xE30;&#xE1C;&#xE39;&#xE49;&#xE08;&#xE31;&#xE14;&#xE17;&#xE33;, &#xE04;&#xE13;&#xE30;&#xE17;&#xE33;&#xE07;&#xE32;&#xE19;&#xE01;&#xE23;&#xE21;&#xE2A;&#xE48;&#xE07;&#xE40;&#xE2A;&#xE23;&#xE34;&#xE21;&#xE04;&#xE38;&#xE13;&#xE20;&#xE32;&#xE1E;&#xE2A;&#xE34;&#xE48;&#xE07;&#xE41;&#xE27;&#xE14;&#xE25;&#xE49;&#xE2D;&#xE21; &#xE01;&#xE25;&#xE38;&#xE48;&#xE21;&#xE2A;&#xE34;&#xE48;&#xE07;&#xE41;&#xE27;&#xE14;&#xE25;&#xE49;&#xE2D;&#xE21;&#xE28;&#xE36;&#xE01;&#xE29;&#xE32; &#xE01;&#xE2D;&#xE07;&#xE2A;&#xE48;&#xE07;&#xE40;&#xE2A;&#xE23;&#xE34;&#xE21;&#xE41;&#xE25;&#xE30;&#xE40;&#xE1C;&#xE22;&#xE41;&#xE1E;&#xE23;&#xE48; &#xE01;&#xE23;&#xE21;&#xE2A;&#xE48;&#xE07;&#xE40;&#xE2A;&#xE23;&#xE34;&#xE21;&#xE04;&#xE38;&#xE13;&#xE20;&#xE32;&#xE1E;&#xE2A;&#xE34;&#xE48;&#xE07;&#xE41;&#xE27;&#xE14;&#xE25;&#xE49;&#xE2D;&#xE21;, &#xE2D;&#xE25;&#xE07;&#xE01;&#xE15; &#xE28;&#xE23;&#xE35;&#xE27;&#xE34;&#xE08;&#xE34;&#xE15;&#xE23;&#xE01;&#xE21;&#xE25;, &#xE19;&#xE38;&#xE0A;&#xE19;&#xE32;&#xE23;&#xE16; &#xE44;&#xE01;&#xE23;&#xE2A;&#xE38;&#xE27;&#xE23;&#xE23;&#xE13;&#xE2A;&#xE32;&#xE23;, &#xE19;&#xE31;&#xE14;&#xE14;&#xE32;&#xE19;&#xE31;&#xE19;&#xE17;&#xE4C; &#xE27;&#xE07;&#xE29;&#xE4C;&#xE2D;&#xE34;&#xE19;&#xE17;&#xE23;&#xE4C;, &#xE2A;&#xE23;&#xE32;&#xE27;&#xE38;&#xE18; &#xE02;&#xE32;&#xE27;&#xE1E;&#xE38;&#xE12;&#xE34;, &#xE13;&#xE31;&#xE10;&#xE1E;&#xE07;&#xE29;&#xE4C; &#xE2D;&#xE31;&#xE19;&#xE15;&#xE23;&#xE30;&#xE01;&#xE32;&#xE23;. </subfield>
  </datafield>
  <datafield tag="250" ind1=" " ind2=" ">
    <subfield code="a">&#xE1E;&#xE34;&#xE21;&#xE1E;&#xE4C;&#xE04;&#xE23;&#xE31;&#xE49;&#xE07;&#xE17;&#xE35;&#xE48; 1.</subfield>
  </datafield>
  <datafield tag="260" ind1=" " ind2=" ">
    <subfield code="a">&#xE01;&#xE23;&#xE38;&#xE07;&#xE40;&#xE17;&#xE1E;&#xE2F; :</subfield>
    <subfield code="b">&#xE01;&#xE23;&#xE21;&#xE2A;&#xE48;&#xE07;&#xE40;&#xE2A;&#xE23;&#xE34;&#xE21;&#xE04;&#xE38;&#xE13;&#xE20;&#xE32;&#xE1E;&#xE2A;&#xE34;&#xE48;&#xE07;&#xE41;&#xE27;&#xE14;&#xE25;&#xE49;&#xE2D;&#xE21; &#xE01;&#xE23;&#xE30;&#xE17;&#xE23;&#xE27;&#xE07;&#xE17;&#xE23;&#xE31;&#xE1E;&#xE22;&#xE32;&#xE01;&#xE23;&#xE18;&#xE23;&#xE23;&#xE21;&#xE0A;&#xE32;&#xE15;&#xE34;&#xE41;&#xE25;&#xE30;&#xE2A;&#xE34;&#xE48;&#xE07;&#xE41;&#xE27;&#xE14;&#xE25;&#xE49;&#xE2D;&#xE21;,</subfield>
    <subfield code="c">2563.</subfield>
  </datafield>
  <datafield tag="300" ind1=" " ind2=" ">
    <subfield code="a">212 &#xE2B;&#xE19;&#xE49;&#xE32; :</subfield>
    <subfield code="b">&#xE20;&#xE32;&#xE1E;&#xE1B;&#xE23;&#xE30;&#xE01;&#xE2D;&#xE1A;, &#xE15;&#xE32;&#xE23;&#xE32;&#xE07; ;</subfield>
    <subfield code="c">29 &#xE0B;&#xE21;.</subfield>
  </datafield>
  <datafield tag="505" ind1="2" ind2=" ">
    <subfield code="a">1. &#xE2A;&#xE34;&#xE48;&#xE07;&#xE41;&#xE27;&#xE14;&#xE25;&#xE49;&#xE2D;&#xE21;&#xE28;&#xE36;&#xE01;&#xE29;&#xE32; (Environmental education) --
2. &#xE04;&#xE27;&#xE32;&#xE21;&#xE23;&#xE39;&#xE49;&#xE40;&#xE1A;&#xE37;&#xE49;&#xE2D;&#xE07;&#xE15;&#xE49;&#xE19;&#xE40;&#xE01;&#xE35;&#xE48;&#xE22;&#xE27;&#xE01;&#xE31;&#xE1A;&#xE01;&#xE32;&#xE23;&#xE40;&#xE1B;&#xE25;&#xE35;&#xE48;&#xE22;&#xE19;&#xE41;&#xE1B;&#xE25;&#xE07;&#xE2A;&#xE20;&#xE32;&#xE1E;&#xE20;&#xE39;&#xE21;&#xE34;&#xE2D;&#xE32;&#xE01;&#xE32;&#xE28; --
3. &#xE01;&#xE34;&#xE08;&#xE01;&#xE23;&#xE23;&#xE21;&#xE25;&#xE14;&#xE42;&#xE25;&#xE01;&#xE23;&#xE49;&#xE2D;&#xE19; HEAD HEART HAND.</subfield>
  </datafield>
  <datafield tag="650" ind1=" " ind2="4">
    <subfield code="a">&#xE2A;&#xE34;&#xE48;&#xE07;&#xE41;&#xE27;&#xE14;&#xE25;&#xE49;&#xE2D;&#xE21;&#xE28;&#xE36;&#xE01;&#xE29;&#xE32;</subfield>
    <subfield code="x">&#xE04;&#xE39;&#xE48;&#xE21;&#xE37;&#xE2D;</subfield>
    <subfield code="9">64755</subfield>
  </datafield>
  <datafield tag="650" ind1=" " ind2="4">
    <subfield code="a">&#xE01;&#xE32;&#xE23;&#xE25;&#xE14;&#xE01;&#xE32;&#xE23;&#xE40;&#xE1B;&#xE25;&#xE35;&#xE48;&#xE22;&#xE19;&#xE41;&#xE1B;&#xE25;&#xE07;&#xE20;&#xE39;&#xE21;&#xE34;&#xE2D;&#xE32;&#xE01;&#xE32;&#xE28;&#xE42;&#xE25;&#xE01;</subfield>
    <subfield code="x">&#xE04;&#xE39;&#xE48;&#xE21;&#xE37;&#xE2D;</subfield>
    <subfield code="9">64756</subfield>
  </datafield>
  <datafield tag="650" ind1=" " ind2="4">
    <subfield code="a">&#xE01;&#xE32;&#xE23;&#xE40;&#xE1B;&#xE25;&#xE35;&#xE48;&#xE22;&#xE19;&#xE41;&#xE1B;&#xE25;&#xE07;&#xE20;&#xE39;&#xE21;&#xE34;&#xE2D;&#xE32;&#xE01;&#xE32;&#xE28;&#xE42;&#xE25;&#xE01;</subfield>
    <subfield code="9">21496</subfield>
  </datafield>
  <datafield tag="650" ind1=" " ind2="4">
    <subfield code="a">&#xE01;&#xE32;&#xE23;&#xE08;&#xE31;&#xE14;&#xE01;&#xE32;&#xE23;&#xE2A;&#xE34;&#xE48;&#xE07;&#xE41;&#xE27;&#xE14;&#xE25;&#xE49;&#xE2D;&#xE21; </subfield>
    <subfield code="9">23709</subfield>
  </datafield>
  <datafield tag="650" ind1=" " ind2="4">
    <subfield code="a">&#xE01;&#xE34;&#xE08;&#xE01;&#xE23;&#xE23;&#xE21;&#xE02;&#xE2D;&#xE07;&#xE19;&#xE31;&#xE01;&#xE40;&#xE23;&#xE35;&#xE22;&#xE19;</subfield>
    <subfield code="9">64757</subfield>
  </datafield>
  <datafield tag="700" ind1="0" ind2=" ">
    <subfield code="a">&#xE2D;&#xE25;&#xE07;&#xE01;&#xE15; &#xE28;&#xE23;&#xE35;&#xE27;&#xE34;&#xE08;&#xE34;&#xE15;&#xE23;&#xE01;&#xE21;&#xE25;.</subfield>
    <subfield code="9">60317</subfield>
  </datafield>
  <datafield tag="700" ind1="0" ind2=" ">
    <subfield code="a">&#xE19;&#xE38;&#xE0A;&#xE19;&#xE32;&#xE23;&#xE16; &#xE44;&#xE01;&#xE23;&#xE2A;&#xE38;&#xE27;&#xE23;&#xE23;&#xE13;&#xE2A;&#xE32;&#xE23;.</subfield>
    <subfield code="9">60325</subfield>
  </datafield>
  <datafield tag="700" ind1="0" ind2=" ">
    <subfield code="a">&#xE19;&#xE31;&#xE14;&#xE14;&#xE32;&#xE19;&#xE31;&#xE19;&#xE17;&#xE4C; &#xE27;&#xE07;&#xE29;&#xE4C;&#xE2D;&#xE34;&#xE19;&#xE17;&#xE23;&#xE4C;.</subfield>
    <subfield code="9">64759</subfield>
  </datafield>
  <datafield tag="700" ind1="0" ind2=" ">
    <subfield code="a">&#xE2A;&#xE23;&#xE32;&#xE27;&#xE38;&#xE18; &#xE02;&#xE32;&#xE27;&#xE1E;&#xE38;&#xE12;&#xE34;.</subfield>
    <subfield code="9">64760</subfield>
  </datafield>
  <datafield tag="700" ind1="0" ind2=" ">
    <subfield code="a">&#xE13;&#xE31;&#xE10;&#xE1E;&#xE07;&#xE29;&#xE4C; &#xE2D;&#xE31;&#xE19;&#xE15;&#xE23;&#xE30;&#xE01;&#xE32;&#xE23;.</subfield>
    <subfield code="9">64761</subfield>
  </datafield>
  <datafield tag="710" ind1="2" ind2=" ">
    <subfield code="a">&#xE04;&#xE13;&#xE30;&#xE17;&#xE33;&#xE07;&#xE32;&#xE19;&#xE01;&#xE23;&#xE21;&#xE2A;&#xE48;&#xE07;&#xE40;&#xE2A;&#xE23;&#xE34;&#xE21;&#xE04;&#xE38;&#xE13;&#xE20;&#xE32;&#xE1E;&#xE2A;&#xE34;&#xE48;&#xE07;&#xE41;&#xE27;&#xE14;&#xE25;&#xE49;&#xE2D;&#xE21; &#xE01;&#xE25;&#xE38;&#xE48;&#xE21;&#xE2A;&#xE34;&#xE48;&#xE07;&#xE41;&#xE27;&#xE14;&#xE25;&#xE49;&#xE2D;&#xE21;&#xE28;&#xE36;&#xE01;&#xE29;&#xE32; &#xE01;&#xE2D;&#xE07;&#xE2A;&#xE48;&#xE07;&#xE40;&#xE2A;&#xE23;&#xE34;&#xE21;&#xE41;&#xE25;&#xE30;&#xE40;&#xE1C;&#xE22;&#xE41;&#xE1E;&#xE23;&#xE48; &#xE01;&#xE23;&#xE21;&#xE2A;&#xE48;&#xE07;&#xE40;&#xE2A;&#xE23;&#xE34;&#xE21;&#xE04;&#xE38;&#xE13;&#xE20;&#xE32;&#xE1E;&#xE2A;&#xE34;&#xE48;&#xE07;&#xE41;&#xE27;&#xE14;&#xE25;&#xE49;&#xE2D;&#xE21;.</subfield>
    <subfield code="9">64758</subfield>
  </datafield>
  <datafield tag="942" ind1=" " ind2=" ">
    <subfield code="c">GB</subfield>
    <subfield code="2">lcc</subfield>
  </datafield>
  <datafield tag="996" ind1=" " ind2=" ">
    <subfield code="a">chunbijaya.r</subfield>
    <subfield code="b">CATSTF	</subfield>
    <subfield code="c">2024-08-29</subfield>
  </datafield>
  <datafield tag="996" ind1=" " ind2=" ">
    <subfield code="a">jamriang.p</subfield>
    <subfield code="b">CATSTF	</subfield>
    <subfield code="c">2024-09-16</subfield>
  </datafield>
  <datafield tag="999" ind1=" " ind2=" ">
    <subfield code="c">105662</subfield>
    <subfield code="d">105662</subfield>
  </datafield>
  <datafield tag="998" ind1=" " ind2=" ">
    <subfield code="j">2118</subfield>
    <subfield code="k"> &#xE27;&#xE34;&#xE20;&#xE32;&#xE27;&#xE23;&#xE23;&#xE13;  &#xE40;&#xE2A;&#xE47;&#xE07;&#xE08;&#xE35;&#xE19;</subfield>
  </datafield>
  <datafield tag="952" ind1=" " ind2=" ">
    <subfield code="0">0</subfield>
    <subfield code="1">0</subfield>
    <subfield code="2">lcc</subfield>
    <subfield code="4">0</subfield>
    <subfield code="7">0</subfield>
    <subfield code="8">CGBL</subfield>
    <subfield code="a">NALT</subfield>
    <subfield code="b">NALT</subfield>
    <subfield code="c">GEN</subfield>
    <subfield code="d">2024-08-29</subfield>
    <subfield code="l">1</subfield>
    <subfield code="m">1</subfield>
    <subfield code="o">QC 981.8.C5 &#xE2D;422&#xE04; 2563</subfield>
    <subfield code="p">3961214414</subfield>
    <subfield code="r">2024-10-16 00:00:00</subfield>
    <subfield code="s">2024-10-02</subfield>
    <subfield code="t">&#xE09;.1</subfield>
    <subfield code="w">2024-08-29</subfield>
    <subfield code="y">GB</subfield>
  </datafield>
  <datafield tag="952" ind1=" " ind2=" ">
    <subfield code="0">0</subfield>
    <subfield code="1">0</subfield>
    <subfield code="2">lcc</subfield>
    <subfield code="4">0</subfield>
    <subfield code="7">0</subfield>
    <subfield code="8">CGBL</subfield>
    <subfield code="a">NALT</subfield>
    <subfield code="b">NALT</subfield>
    <subfield code="c">GEN</subfield>
    <subfield code="d">2024-08-29</subfield>
    <subfield code="l">0</subfield>
    <subfield code="o">QC 981.8.C5 &#xE2D;422&#xE04; 2563</subfield>
    <subfield code="p">3961214415</subfield>
    <subfield code="r">2024-08-29 00:00:00</subfield>
    <subfield code="t">&#xE09;.2</subfield>
    <subfield code="w">2024-08-29</subfield>
    <subfield code="y">GB</subfield>
  </datafield>
</record>
